000166591 001__ 166591
000166591 005__ 20260121131130.0
000166591 037__ $$aTAZ-TFG-2025-3721
000166591 041__ $$aspa
000166591 1001_ $$aMartín Rodríguez, Irene
000166591 24200 $$aHarlequins in Kaolin: the Commedia dell'Arte in Eighteenth-Century Porcelain Sculpture
000166591 24500 $$aArlequines de caolín: la Commedia dell'Arte en la escultura de porcelana del Setecientos
000166591 260__ $$aZaragoza$$bUniversidad de Zaragoza$$c2025
000166591 506__ $$aby-nc-sa$$bCreative Commons$$c3.0$$uhttp://creativecommons.org/licenses/by-nc-sa/3.0/
000166591 520__ $$aLa impronta de la Commedia dell'Arte en la escultura del Setecientos evidencia cómo un imaginario de origen popular fue asimilado y reformulado por las artes decorativas europeas. A través de la producción de modeladores como Kändler, Bustelli o Gricci, sus arquetipos teatrales fueron convertidos en objetos significativos del gusto rococó, insertos en las dinámicas cortesanas del Antiguo Régimen y evidenciando la capacidad de la porcelana para vehicular códigos culturales complejos. La aparente contradicción entre teatro popular y cultura aristocrática se resuelve al considerar la evolución histórica de la comedia italiana, cuya integración en el ocio cortesano permitió transformar lo efímero del teatro en lo perdurable de la escultura. <br /><br />
000166591 521__ $$aGraduado en Historia del Arte
000166591 540__ $$aDerechos regulados por licencia Creative Commons
000166591 691__ $$a0
000166591 692__ $$a
000166591 700__ $$aAbad Zardoya, Carmen$$edir.
000166591 7102_ $$aUniversidad de Zaragoza$$bHistoria del Arte$$c
000166591 8560_ $$f822059@unizar.es
000166591 8564_ $$s1333950$$uhttps://zaguan.unizar.es/record/166591/files/TAZ-TFG-2025-3721.pdf$$yMemoria (spa)
000166591 8564_ $$s2939500$$uhttps://zaguan.unizar.es/record/166591/files/TAZ-TFG-2025-3721_ANE.pdf$$yAnexos (spa)
000166591 909CO $$ooai:zaguan.unizar.es:166591$$pdriver$$ptrabajos-fin-grado
000166591 950__ $$a
000166591 951__ $$adeposita:2026-01-21
000166591 980__ $$aTAZ$$bTFG$$cFFYL
000166591 999__ $$a20250718195850.CREATION_DATE